Designing and managing the supply chain: concepts, strategies, and case studies.
Gespeichert in:
| 1. Verfasser: | |
|---|---|
| Weitere Verfasser: | , |
| Format: | Buch |
| Sprache: | Englisch |
| Veröffentlicht: |
Boston, USA
McGraw Hill
2000
|
| Schlagworte: | |
| Tags: |
Tag hinzufügen
Keine Tags, Fügen Sie den ersten Tag hinzu!
|
MARC
| LEADER | 00000nam a2200000 a 4500 | ||
|---|---|---|---|
| 001 | UCN0522 | ||
| 003 | CL-VaPUC | ||
| 005 | 20230905074219.0 | ||
| 008 | 010323e20000000US |||||||||||||||||eng|d | ||
| 999 | |c 294269 |d 294267 | ||
| 040 | |c Pontificia Universidad Católica de Valparaíso | ||
| 082 | 0 | 4 | |a 658.5 SIM 2000 |2 21 |
| 100 | |a Simchi-Levi, David |9 527569 | ||
| 245 | 1 | 0 | |a Designing and managing the supply chain: concepts, strategies, and case studies. |
| 260 | 0 | 3 | |a Boston, USA |b McGraw Hill |c 2000 |
| 300 | |a 321 páginas | ||
| 583 | |a last modification |c 20010323 00:00:00 |k Rodrigo Vera | ||
| 650 | 0 | |a Administración de empresas |9 260833 | |
| 650 | 7 | |a PRODUCTOS |2 CL-VaPUC |9 338640 | |
| 650 | 0 | |a Gestión de la producción |9 259467 | |
| 650 | 0 | |a Abastecimiento |9 443339 | |
| 650 | 0 | |a Producción |9 263680 | |
| 650 | 0 | |a Cadena de abastecimiento |9 455793 | |
| 700 | 0 | |a Kaminsky, Philip |9 455791 | |
| 700 | 0 | |a Simchi-Levi, Edith |9 455792 | |
| 942 | |c BK |2 ddc | ||
| 945 | |d 20010323 00:00:00 |a vberengu | ||
| 952 | |0 0 |1 0 |2 ddc |4 0 |6 658_500000000000000_SIM_2000 |7 0 |8 A |9 346409 |a BIBING |b BIBING |d 2019-11-20 |i 3703819 |l 1 |o 658.5 SIM 2000 |p 3703819 |r 2025-01-20 |s 2020-08-03 |t 1 |w 2019-11-20 |y BK |k EII | ||